000 00761nam a22002057a 4500
005 20250804102020.0
010 _aB-763914-933 BACEN25
020 _a9788189093686
_c795.00
035 _aB-763914-933
037 _bLotus Press
082 _a320.954
_23
100 _aJohari, J.C
_983646
245 _aIndian Polity/
_cby J.C Johari
250 _aRevised Edition
260 _aNew Delhi
_bLotus Press
_c2024
270 _a4263/3, Ansari Road, Darya Ganj,
_bNew Delhi
_c110002
300 _axv,764p.
_c21cm(pb)
942 _2ddc
_cEN
_h320.954
_mJOH
_e3
999 _c209315
_d209315